|
|
|
|
| LEADER |
00000nam a2200000 a 4500 |
| 001 |
UCM5016 |
| 003 |
CL-VaPUC |
| 008 |
020927e20020000CL |||||||||||||||||spa|d |
| 082 |
0 |
4 |
|a Ch863
|b COV
|2 21
|
| 100 |
0 |
|
|a Covarrubias F., Carlos
|e author
|9 471285
|
| 245 |
1 |
0 |
|a Tres cuentos
|
| 300 |
|
|
|a pág. irreg
|
| 942 |
|
|
|c BK
|
| 945 |
|
|
|d 20020927 00:00:00
|a vberengu
|
| 260 |
|
|
|a Valparaíso
|b Dnombres
|c 2002
|
| 650 |
|
0 |
|a Literatura chilena
|9 308278
|
| 650 |
|
0 |
|a Cuentos chilenos
|9 308280
|
| 583 |
|
|
|a last modification
|c 20020927 00:00:00
|k Rodrigo Vera
|
| 999 |
|
|
|c 301319
|d 301317
|
| 952 |
|
|
|0 0
|1 0
|4 0
|6 CH_863_000000000000000_COV_2002
|7 0
|8 A
|9 360161
|a BIBARQ
|b BIBARQ
|d 2019-11-21
|i 3826805
|o Ch863 COV 2002
|p 3826805
|r 2025-01-20
|w 2019-11-21
|y BK
|k ARQ
|
| 952 |
|
|
|0 0
|1 0
|4 0
|6 CH_863_000000000000000_COV_2002
|7 0
|8 A
|9 360162
|a BIBARQ
|b BIBARQ
|d 2019-11-21
|i 3826813
|l 2
|m 3
|o Ch863 COV 2002
|p 3826813
|r 2025-01-20
|s 2023-10-30
|w 2019-11-21
|y BK
|k ARQ
|